LEADER 03273nam 2200601Ia 450 001 9910437573703321 005 20200520144314.0 010 $a1-283-62465-6 010 $a9786613937100 010 $a1-4614-4878-6 024 7 $a10.1007/978-1-4614-4878-5 035 $a(CKB)2670000000245727 035 $a(EBL)1030906 035 $a(OCoLC)808817280 035 $a(SSID)ssj0000738402 035 $a(PQKBManifestationID)11434383 035 $a(PQKBTitleCode)TC0000738402 035 $a(PQKBWorkID)10790984 035 $a(PQKB)10161647 035 $a(DE-He213)978-1-4614-4878-5 035 $a(MiAaPQ)EBC1030906 035 $a(PPN)16830144X 035 $a(EXLCZ)992670000000245727 100 $a20120910h20122013 uy 0 101 0 $aeng 135 $aur|n|---||||| 181 $ctxt 182 $cc 183 $acr 200 10$aMobile authentication $eproblems and solutions /$fMarkus Jakobsson 205 $a1st ed. 2013. 210 $aNew York $cSpringer$d2012, c2013 215 $a1 online resource (120 p.) 225 0 $aSpringerBriefs in computer science,$x2191-5768 300 $aDescription based upon print version of record. 311 $a1-4614-4877-8 320 $aIncludes bibliographical references and index. 327 $aThe Big Picture -- The Benefits of Understanding Passwords -- Your Password is Your New PIN -- Like Passwords - But Faster, Easier and More Secure -- Improved Visual Preference Authentication -- How to Kill Spoofing -- Can Biometrics Replace Passwords? -- Legacy Servers: Teaching Old Dogs New Tricks. 330 $aMobile Authentication: Problems and Solutions looks at human-to-machine authentication, with a keen focus on the mobile scenario. Human-to-machine authentication is a startlingly complex issue. In the old days of computer security-before 2000, the human component was all but disregarded. It was either assumed that people should and would be able to follow instructions, or that end users were hopeless and would always make mistakes. The truth, of course, is somewhere in between, which is exactly what makes this topic so enticing. We cannot make progress with human-to-machine authentication without understanding both humans and machines. Mobile security is not simply security ported to a handset. Handsets have different constraints than traditional computers, and are used in a different way. Text entry is more frustrating, and therefore, it is tempting to use shorter and less complex passwords. It is also harder to detect spoofing. We need to design with this in mind. We also need to determine how exactly to integrate biometric readers to reap the maximum benefits from them. This book addresses all of these issues, and more. 410 0$aSpringerBriefs in Computer Science,$x2191-5768 606 $aCell phone systems$xSecurity measures 606 $aMobile communication systems$xAccess control 615 0$aCell phone systems$xSecurity measures. 615 0$aMobile communication systems$xAccess control. 676 $a005.8019 700 $aJakobsson$b Markus$0858802 801 0$bMiAaPQ 801 1$bMiAaPQ 801 2$bMiAaPQ 906 $aBOOK 912 $a9910437573703321 996 $aMobile Authentication$92503787 997 $aUNINA